Foundations of sociology : (Record no. 4624)
[ view plain ]
| 000 -LEADER | |
|---|---|
| fixed length control field | 00578cam a22001932 4500 |
| 001 - CONTROL NUMBER | |
| control field | 0000025165 |
| 005 - DATE AND TIME OF LATEST TRANSACTION | |
| control field | 20151217145952.0 |
| 008 - FIXED-LENGTH DATA ELEMENTS--GENERAL INFORMATION | |
| fixed length control field | 150206s xx 000 0 eng d |
| 020 ## - INTERNATIONAL STANDARD BOOK NUMBER | |
| International Standard Book Number | 0333960509 : |
| 040 ## - CATALOGING SOURCE | |
| Original cataloging agency | KABU |
| Transcribing agency | KABU |
| 100 1# - MAIN ENTRY--PERSONAL NAME | |
| Personal name | Jenkins, Richard. |
| -- | 0000185618 |
| 245 10 - TITLE STATEMENT | |
| Title | Foundations of sociology : |
| Remainder of title | towards a better understanding of the human world. |
| 260 ## - PUBLICATION, DISTRIBUTION, ETC. (IMPRINT) | |
| Place of publication, distribution, etc. | Houndmills : |
| Name of publisher, distributor, etc. | Palgrave Macmillan, |
| Date of publication, distribution, etc. | 2002. |
| 300 ## - PHYSICAL DESCRIPTION | |
| Extent | x, 179 p. |
| 650 #0 - SUBJECT ADDED ENTRY--TOPICAL TERM | |
| Topical term or geographic name as entry element | Sociology. |
| -- | 0000099021 |
| 908 ## - PUT COMMAND PARAMETER (RLIN) | |
| Put command parameter | 150206 |
| 950 ## - LOCAL HOLDINGS (RLIN) | |
| -- | 1 |
| Withdrawn status | Lost status | Source of classification or shelving scheme | Not for loan | Home library | Current library | Date acquired | Total Checkouts | Total Renewals | Full call number | Barcode | Date last seen | Date last checked out | Price effective from | Koha item type |
|---|---|---|---|---|---|---|---|---|---|---|---|---|---|---|
| Library of Congress Classification | Kabarak, Main Campus | Kabarak, Main Campus | 17/12/2015 | 5 | 1 | HM585 .J45 2002 c. 1 | 017520 | 30/01/2020 | 21/01/2020 | 17/12/2015 | General Collection |